000 00397nam a2200157Ia 4500
005 20250411060705.0
008 240331s9999 xx 000 0 und d
020 _a9552005833
082 _bPER
_a891
100 _aPerera,C.C
245 0 _aVrukayan athara nagnawa
260 _aColombo
_bGodake & Sons
_c1992
300 _a388 p .,
500 _aTranslation book of Naked among wolves
942 _cL
999 _c4919
_d4919